Statistics for Book to series quiz

Click here to take the quiz!

General Stats

  • This quiz has been taken 5 times
  • The average score is 27 of 56

Answer Stats

HintAnswer% Correct
AlligentDivergent
100%
ConvergentDivergent
100%
DivergentDivergent
100%
MockingjayHunger Games
100%
Ballad of Songbirds and SnakesHunger Games
100%
The Lightning TheifPercy Jackson
100%
Catching FireHunger Games
75%
The Battle of the LabryinthPercy Jackson
75%
Siege and StormShadow and Bone
75%
Run and RisingShadow and Bone
75%
FourDivergent
50%
The Blood of OlympusHeroes of Olympus
50%
The Lost HeroHeroes of Olympus
50%
The Son of NeputuneHeroes of Olympus
50%
The Mark of AthenaHeroes of Olympus
50%
Hunger GamesHunger Games
50%
The Sword of SummerMagnus Chase
50%
The Ship of the DeadMagnus Chase
50%
The Last OlympianPercy Jackson
50%
The Sea of MonstersPercy Jackson
50%
Shadow and BoneShadow and Bone
50%
The Red PyramidThe Kane Chronicles
50%
The Throne of FireThe Kane Chronicles
50%
A Tale of MagicThe Land of Stories
50%
A Tale of WitchcraftThe Land of Stories
50%
A Tale of SorceryThe Land of Stories
50%
A Grimm WarningThe Land of Stories
50%
Worlds CollideThe Land of Stories
50%
Winter TurningWings of Fire
50%
Darkness of DragonsWings of Fire
50%
Moon RisingWings of Fire
50%
The Hive QueenWings of Fire
50%
The Brightest NightWings of Fire
50%
The Poison JungleWings of Fire
50%
Talons of PowerWings of Fire
50%
The Dark SecretWings of Fire
50%
The Dragonet ProphecyWings of Fire
50%
Flames of HopeWings of Fire
50%
The House of HadesHeroes of Olympus
25%
The Hammer of ThorMagnus Chase
25%
The Titans CursePercy Jackson
25%
The Serpents ShadowThe Kane Chronicles
25%
Beyond the KingdomsThe Land of Stories
25%
An Authors OdysseyThe Land of Stories
25%
The Wishing SpellThe Land of Stories
25%
The Tower of NeroTrials of Apollo
25%
The Tyrants TombTrials of Apollo
25%
The Dark ProphecyTrials of Apollo
25%
The Hidden OracleTrials of Apollo
25%
The Hidden KingdomWings of Fire
25%
The Dangerous GiftWings of Fire
25%
The Lost ContinentWings of Fire
25%
The Lost HeirWings of Fire
25%
Escaping PerilWings of Fire
25%
The Enchantress ReturnsThe Land of Stories
0%
The Burning MazeTrials of Apollo
0%

Score Distribution

Percentile by Number Answered

Percent of People with Each Score

Your Score History

You have not taken this quiz